[Event "RUS-ch Boys U21 2021"]
[Site "Loo"]
[Date "2021.04.25"]
[Round "5.8"]
[White "Marchenko, Nikolay"]
[Black "Akhtariev, Andrey"]
[Result "0-1"]
[WhiteElo "2062"]
[BlackElo "2190"]
[Annotator "TA"]
[PlyCount "72"]
[EventDate "2021.04.21"]
[EventType "swiss"]
[EventCountry "RUS"]
[SourceTitle "playchess.com"]
[Source "ChessBase"]
[SourceQuality "1"]

{[%evp 17,72,3,13,10,14,-14,0,-57,-24,-84,-88,-73,-19,-59,-53,-72,-37,-65,-62,-74,-66,-131,-95,-94,-87,-128,-126,-228,-214,-268,-238,-494,-473,-471,-421,-368,-304,-619,-612,-603,-614,-568,-604,-657,-657,-873,-877,-868,-857,-864,-850,-858,-847,-747,-617,-847,-760]} 1. d4 Nf6 2. c4 e6 3. Nc3 Bb4 4. e3 b6 5. Nge2 Bb7 6. a3 Be7 7. Nf4 O-O 8. Bd3 d5 9. cxd5 exd5 10. Qf3 {E44: Nimzo-Indian: Rubinstein: 4...b6 5 Ne2.} Re8 {[#]} 11. g4 $146 ({Predecessor:} 11. O-O Bf8 12. Bc2 a5 13. Bb3 c6 14. Bd2 Nbd7 15. Rac1 Rc8 16. Rfd1 g6 17. h4 {1-0 (69) Knoblauch,L (2114)-Lavrinenkov,V (2120) Augsburg 2013}) 11... c5 12. Kf1 (12. g5 $11 Nfd7 13. Nfxd5) 12... Bf8 13. g5 (13. h4 $11 {remains equal.}) 13... Ne4 $17 14. h4 Na6 (14... cxd4 $17 15. exd4 Nc6) 15. Kg2 Nc7 $1 16. Qd1 Ne6 17. Nxe6 Rxe6 18. f3 Nd6 19. b3 (19. b4 $15) 19... Rc8 20. Ne2 g6 21. Nf4 Re8 22. Qd2 (22. Ne2 $17) 22... Bg7 $19 23. Bb2 c4 24. bxc4 (24. Bc2 {is a better defense.}) 24... dxc4 25. Bf1 Nf5 26. Re1 Rc7 ({Not} 26... Nxh4+ 27. Rxh4 Qxg5+ 28. Kh3 $17) 27. Bc3 $2 {[#]} (27. Qf2) 27... Nxh4+ $1 {[%mdl 576] Remove Defender, Decoy. Black is clearly winning.} 28. Rxh4 {Strongly threatening Rg4.} Qxg5+ {[%mdl 64] Double Attack} 29. Kh3 Bc8+ 30. Rg4 h5 {[%mdl 64] Pin} (30... Bf6 $2 31. Kh2 $17) 31. Be2 hxg4+ 32. fxg4 Bf6 33. Bf3 Qh4+ 34. Kg2 Bxg4 35. Bd5 Qg5 {[#] aiming for ...Be6+.} 36. Kf2 Qf5 {Weighted Error Value: White=0.59/Black=0.18} 0-1

[Event "RUS-ch Boys U21 2021"]
[Site "Loo"]
[Date "2021.04.25"]
[Round "5.9"]
[White "Nesterov, Arseniy"]
[Black "Shpakov, Vladimir"]
[Result "1-0"]
[WhiteElo "2482"]
[BlackElo "1871"]
[Annotator "TA"]
[PlyCount "55"]
[EventDate "2021.04.21"]
[EventType "swiss"]
[EventCountry "RUS"]
[SourceTitle "playchess.com"]
[Source "ChessBase"]
[SourceQuality "1"]

{[%evp 15,55,53,53,43,51,51,86,86,86,86,86,74,86,86,81,85,85,75,80,54,125,121,123,127,126,108,116,121,125,121,98,56,161,158,170,168,205,207,240,241,695,679]} 1. d4 d5 2. c4 c6 3. Nf3 Nf6 4. g3 e6 5. Bg2 Bb4+ 6. Bd2 Bxd2+ 7. Nbxd2 O-O 8. O-O Nbd7 9. Qc2 {E11: Bogo-Indian.} b6 10. e4 Ba6 11. e5 {White is better.} Ne8 {[#]} 12. Rfc1 $146 ({Predecessor:} 12. Rfe1 Bb7 13. c5 a5 14. a4 Nc7 15. Bf1 Na6 16. Nb3 Nb4 17. Qc3 Ba6 18. Bxa6 Rxa6 {0-1 (57) Arat,U (2400)-Sanal,V (2533) Kocaeli 2017}) 12... Rc8 13. cxd5 cxd5 14. Qa4 Nb8 15. Bf1 Bxf1 16. Nxf1 {[%cal Bd2f1,Bf1e3,Be3g2,Bg2f4][%mdl 32]} a6 17. Ne3 f6 (17... Nc7 $14) 18. Ng2 $16 fxe5 19. Nxe5 Nd6 20. Nf4 $36 {[%mdl 2048] White has strong initiative.} Qe7 21. Qb4 b5 22. Rxc8 Rxc8 23. Re1 Nf5 (23... g5 $1 $14 24. Neg6 Qd7) 24. Qxe7 $18 Nxe7 25. Nxe6 Nbc6 26. Nxc6 Nxc6 27. Rc1 Kf7 $2 {[#]} (27... b4 28. Nf4 Kf7) 28. Rxc6 $1 {[%mdl 576] Remove Defender.  Weighted Error Value: White=0.04/Black=0.39} 1-0

[Event "RUS-ch Boys U21 2021"]
[Site "Loo"]
[Date "2021.04.25"]
[Round "5.10"]
[White "Sidorov, Dmitry I"]
[Black "Makovich, Andrey"]
[Result "0-1"]
[WhiteElo "2139"]
[BlackElo "2171"]
[Annotator "TA"]
[PlyCount "58"]
[EventDate "2021.04.21"]
[EventType "swiss"]
[EventCountry "RUS"]
[SourceTitle "playchess.com"]
[Source "ChessBase"]
[SourceQuality "1"]

{[%evp 9,58,7,27,26,25,27,27,0,24,29,29,30,41,35,79,71,95,95,87,99,103,107,124,117,130,125,110,84,93,83,112,0,0,0,0,-204,-214,-194,-110,-127,-69,-70,-72,-657,-646,-652,-617,-539,0,-29998,-29999]} 1. c4 c6 2. d4 d5 3. cxd5 cxd5 4. Bg5 Nc6 5. Nc3 Nf6 (5... f6 $5 {[%cal Rf6g5]} 6. Bd2 e5 $11) 6. Bxf6 {D10: Slav Defence: 3 cxd5 (without early Nf3) and 3 Nc3.} exf6 7. e3 Be6 8. Qb3 {White has an edge.} Rb8 {[#]} 9. Nge2 $146 ({Predecessor:} 9. Bb5 a6 10. Bxc6+ bxc6 11. Qc2 Qb6 12. Rb1 Be7 13. Nge2 O-O 14. O-O g6 15. Na4 {0-1 (51) Kasib,A (1557)-Kristofori,A Budapest 2006}) 9... Bd6 10. g3 b5 11. Bg2 Na5 {[%cal Bc6a5,Ba5c4,Bc4e3][%mdl 32]} 12. Qc2 b4 13. Nxd5 b3 14. Qe4 f5 15. Qf3 Nc4 16. axb3 Rxb3 17. Nef4 (17. Rxa7 O-O $14) 17... Rxb2 18. Qd1 {And now Qa4+ would win.} (18. Rxa7 $2 Rb1+ 19. Ke2 Rb2+ 20. Kd3 O-O $1 $19) 18... O-O 19. O-O ({Don't go for} 19. Rxa7 $2 Bxd5 20. Nxd5 Qb8 $19) 19... Bxd5 20. Bxd5 (20. Nxd5 $16 Nd2 21. Re1 (21. Rxa7 Nxf1 22. Bxf1 Qb8 $15)) 20... Nxe3 $1 $11 {[%mdl 64] Remove Defender} 21. fxe3 {Threatens to win with Nd3.} Bxf4 22. Qf3 {[#]} (22. Bxf7+ $1 $11 {and White has nothing to worry.} Rxf7 23. Rxf4) 22... Bxe3+ $1 $19 {[%mdl 576] Double Attack} 23. Kh1 {[#]} Bxd4 ({Black should play} 23... g6 $1 $19 24. Rxa7 Bxd4) 24. Qxf5 $17 Rd2 (24... Rb6 $17 25. Bxf7+ Kh8) 25. Bxf7+ $15 Kh8 26. Ra5 {[%mdl 8192]} (26. Rae1 $17) 26... g6 $19 27. Qd5 {and the idea Qxd8 leaves White hopeful.} Qe7 {( -> ...Qe2!)} 28. Ra2 {[#]} Qe3 (28... Rxf7 $1 $19 {[%cal Rf7f1][%mdl 512]} 29. Rxd2 (29. Qa8+ {gets mated.} Kg7 30. Rxd2 Rxf1+ 31. Kg2 Rg1+ 32. Kf3 Qe3+ {[%mdl 64] Double Attack} 33. Kg4 Qe6+ 34. Kg5 Qf5+ 35. Kh4 Qh5#) 29... Rxf1+ 30. Kg2 Rg1+ 31. Kh3 Bf6) 29. Qd6 $2 {[%mdl 8192]} (29. Rxd2 $11 Qxd2 30. Qd6 Rxf7 31. Rxf7 Qe1+ 32. Kg2 Qe2+ 33. Kh3 Qh5+ 34. Kg2 Qe2+ 35. Kh3 Qh5+ 36. Kg2 Qe2+) 29... Qe4+ {Weighted Error Value: White=0.69/Black=0.38} 0-1

[Event "RUS-ch Boys U21 2021"]
[Site "Loo"]
[Date "2021.04.25"]
[Round "5.11"]
[White "Marchuk, Rostislav"]
[Black "Babanin, Gleb"]
[Result "1-0"]
[WhiteElo "2080"]
[BlackElo "2123"]
[Annotator "TA"]
[PlyCount "85"]
[EventDate "2021.04.21"]
[EventType "swiss"]
[EventCountry "RUS"]
[SourceTitle "playchess.com"]
[Source "ChessBase"]
[SourceQuality "1"]

{[%evp 9,85,0,0,1,17,6,2,0,18,-2,0,-47,2,16,0,0,0,12,10,0,0,0,0,0,0,0,0,0,6,-18,-19,-50,0,0,17,26,31,29,21,20,60,96,81,61,66,71,69,50,63,69,78,68,91,46,66,41,77,48,41,13,13,18,196,196,196,196,182,181,186,15,14,0,0,0,136,156,29981,29982]} 1. d4 d5 2. Nf3 Nf6 3. Bf4 c5 4. e3 Nc6 5. Nbd2 cxd4 6. exd4 {D02: 1 d4 d5 2 Nf3 sidelines, including 2...Nf6 3 g3 and 2...Nf6 3 Bf4.} Bf5 7. Bb5 Qb6 8. c4 {[#] The position is equal.} e6 $146 (8... dxc4 $5 {[%cal Rb6b5]} 9. a4 Bd3 $11) ({Predecessor:} 8... dxc4 9. a4 e6 10. O-O Bd3 11. Ne5 a6 12. Ndxc4 Bxc4 13. Nxc4 Qd8 14. Bxc6+ bxc6 {½-½ (59) Vitiugov,N (2731)-Harikrishna,P (2713) Prague 2020}) 9. Qa4 a6 $1 10. Ne5 {[%cal Rb5c6]} Rc8 (10... dxc4 $5 {[%cal Rb6b5]} 11. Bxc6+ bxc6 $11) 11. Bxc6+ bxc6 12. c5 Qb5 13. Qxb5 axb5 14. a4 bxa4 15. Rxa4 Nh5 $1 {[%cal Rh5f4]} 16. Be3 {And now Ra7 would win.} f6 17. Nef3 g5 18. h3 Nf4 19. g4 (19. Bxf4 $5 gxf4 20. Ke2 $11) 19... Bc2 20. Ra2 Ng2+ 21. Ke2 Nxe3 22. fxe3 h5 {White must now prevent ...hxg4.} 23. Rha1 hxg4 24. hxg4 Bg7 25. b4 Bg6 26. Ra8 O-O $1 27. Rxc8 Rxc8 28. Ra6 Be8 29. Nb3 Kf7 30. Na5 Rc7 31. Rb6 Bd7 32. Kf2 $1 Kg6 33. Kg3 Kf7 34. b5 cxb5 35. c6 {Strongly threatening Rb7.} Be8 $2 (35... Bc8 $11) 36. Rb7 $18 {[%mdl 1024] White has strong compensation.} Re7 {[#]} 37. c7 $1 {[%cal Rc7c8]} ({Worse is} 37. Rxb5 Bf8 $15) 37... Bd7 {next ...Bc8 is good for Black.} 38. Rb8 Re8 39. Nb7 $2 ({Only move:} 39. Rd8 $18 Bc8 40. Nc6) 39... Bf8 $11 {Threatens to win with ...Rc8.} 40. Nd8+ Kg8 {...Bd6+ is the strong threat.} 41. Kf2 {aiming for Nc6!} Be7 {[#]} (41... Bd6 $1 $11) 42. Nc6 $1 $16 {[%mdl 512]} Kf7 {[#]} (42... Kf8 $16 43. Ke2 b4) 43. Nfe5+ $1 {[%mdl 512] Weighted Error Value: White=0.15/Black=0.41} 1-0

[Event "RUS-ch Boys U21 2021"]
[Site "Loo"]
[Date "2021.04.25"]
[Round "5.12"]
[White "Koliev, Irlan"]
[Black "Shemyakin, Valeriy"]
[Result "1/2-1/2"]
[WhiteElo "2023"]
[BlackElo "2168"]
[Annotator "TA"]
[PlyCount "86"]
[EventDate "2021.04.21"]
[EventType "swiss"]
[EventCountry "RUS"]
[SourceTitle "playchess.com"]
[Source "ChessBase"]
[SourceQuality "1"]

{[%evp 10,86,77,75,89,97,129,24,26,28,28,15,50,6,17,6,7,7,14,1,29,-25,-18,-50,-48,-50,-50,-50,-45,-76,-69,-50,-39,-39,0,0,0,0,0,-201,12,-148,-24,-94,0,-190,-190,-239,-198,-318,-225,-274,-244,-244,-234,-271,-271,-271,-252,-331,-260,-236,-64,-61,-71,-66,-67,-66,-72,-98,-75,-87,-86,-79,-68,-99,0,-65,0]} 1. d4 Nc6 2. c4 e5 3. d5 Nce7 4. Nc3 Ng6 5. e4 Nf6 6. h4 Bb4 {A50: Queen's Fianchetto Defence (1 d4 Nf6 2 c4 b6).} 7. h5 Ne7 8. f3 {[#]} (8. h6 $16) 8... Bxc3+ $146 {White has an edge.} ({Predecessor:} 8... h6 9. Nge2 Bxc3+ 10. Nxc3 d6 11. Be3 Nd7 12. g4 a5 13. a3 Nc5 14. Rh2 Na6 {½-½ (48) Glatt,G (2278)-Szabo,L (2148) Hungary 2007}) 9. bxc3 d6 10. Bd3 Nd7 11. g4 (11. h6 $5 {[%cal Rh6g7]} g6 12. Nh3 $14) 11... Nc5 12. Bc2 O-O 13. Ne2 b6 {[%cal Bb7b6,Bb6c5][%mdl 32]} 14. Be3 a5 15. Kf2 (15. Ng3 $142) 15... Ba6 16. Bxc5 bxc5 17. Qd3 Qd7 18. Ng3 Rfb8 19. Rab1 Nc8 20. Nf5 Nb6 21. Ne3 Rb7 22. g5 Rab8 23. g6 fxg6 24. Rbg1 {[#]} (24. hxg6 $11 h6 25. Qf1) 24... Rf8 $2 (24... Nxc4 $1 $19 {[%mdl 512]} 25. Nxc4 Rb2 26. Nxb2 Bxd3 27. Nxd3 c4 28. hxg6 cxd3) 25. h6 $2 ({White should try} 25. hxg6 $11 h6 26. Rg3) 25... gxh6 (25... Rf4 $17 {White should prevent ...gxh6.} 26. Qe2 Rb8 27. hxg7 Kxg7) 26. Rxh6 (26. Nf5 $1 $11) 26... Rf6 ({Better is} 26... Nc8 $17 27. Qd1 Rb2) 27. Rgh1 $2 (27. Nf5 $11) 27... Rf7 $19 {[%cal Bf6f7,Bf7g7,Bg7e7][%mdl 32]} 28. Kg3 Rb8 29. Ng4 (29. Kf2 {is a better defense.}) 29... Rbf8 ({Don't take} 29... Bxc4 30. Qd2 $19) (29... Nxc4 $2 30. Rxh7 $3 {[%mdl 512]} Qxg4+ 31. fxg4 $18) 30. Bd1 Bxc4 31. Qd2 Rg7 32. Qg5 {If White can now play Nf6+ this consolidates a bit.} Qe7 ({Less strong is} 32... Bxa2 33. Nf6+ Rxf6 34. Qxf6 $17) 33. Qxe7 Rxe7 34. Kh4 Ba6 35. Kg5 Ref7 (35... Nd7 $19 36. R1h2 Bc8) 36. R6h2 $15 h5 {aiming for ...Kg7.} ({Wrong is} 36... Kh8 $2 {[#]} 37. Nf6 $1 $18 {[%mdl 512]}) 37. Nh6+ Kg7 {Hoping for ...Rf4.} 38. Nxf7 Rxf7 39. Rf2 Nd7 40. Rb2 Rf4 {White must now prevent ...Nf6.} 41. Rh4 Rf8 42. Rhh2 Rf4 43. Rh4 $1 Rf8 {Whites escaped into a draw.  Weighted Error Value: White=0.41/Black=0.34} ({Black should play} 43... Rf6 $15 44. Rh1 Nb6) 1/2-1/2

[Event "RUS-ch Boys U21 2021"]
[Site "Loo"]
[Date "2021.04.26"]
[Round "6.1"]
[White "Dudin, Gleb"]
[Black "Tsvetkov, Andrey"]
[Result "1/2-1/2"]
[WhiteElo "2418"]
[BlackElo "2404"]
[Annotator "NA"]
[PlyCount "99"]
[EventDate "2021.04.21"]
[EventType "swiss"]
[EventCountry "RUS"]
[SourceTitle "playchess.com"]
[Source "ChessBase"]
[SourceQuality "1"]
[TimeControl "40/5400+30:1800+30"]

1. c4 {[%emt 0:01:41]} c6 {[%emt 0:00:01]} 2. e4 {[%emt 0:02:29]} d5 {[%emt 0:00:22]} 3. exd5 {[%emt 0:00:28]} cxd5 {[%emt 0:00:05]} 4. d4 {[%emt 0:00:06]} Nf6 {[%emt 0:00:53]} 5. Nc3 {[%emt 0:00:30]} Nc6 {[%emt 0:04:13]} 6. Bg5 {[%emt 0:09:04]} e6 {[%emt 0:17:49]} 7. cxd5 {[%emt 0:45:19]} exd5 {[%emt 0:00:14]} 8. Bb5 {[%emt 0:05:04]} Be7 {[%emt 0:05:26]} 9. Nf3 {[%emt 0:08:51]} O-O {[%emt 0:00:52]} 10. O-O {[%emt 0:00:06]} Bg4 {[%emt 0:00:32]} 11. Bxc6 {[%emt 0:07:57]} bxc6 {[%emt 0:00:06]} 12. h3 {[%emt 0:00:04]} Bxf3 {[%emt 0:07:54]} 13. Qxf3 {[%emt 0:00:08]} Qb6 {[%emt 0:00:05]} 14. Qe3 {[%emt 0:06:49]} Rfe8 {[%emt 0:01:44]} 15. Qd2 {[%emt 0:04:48]} h6 {[%emt 0:02:51]} 16. Be3 {[%emt 0:01:02]} Bd6 {[%emt 0:21:29]} 17. Rac1 {[%emt 0:00:29]} Re6 {[%emt 0:03:05]} 18. Rc2 {[%emt 0:02:27]} Rae8 {[%emt 0:01:15]} 19. Bf4 {[%emt 0:01:28]} Ne4 {[%emt 0:04:00]} 20. Nxe4 {[%emt 0:00:38]} Bxf4 {[%emt 0:00:01]} 21. Qxf4 {[%emt 0:00:16]} Qxd4 {[%emt 0:00:05]} 22. Qe3 {[%emt 0:00:43]} Qxe3 {[%emt 0:14:28]} 23. fxe3 {[%emt 0:00:02]} Rxe4 {[%emt 0:00:00]} 24. Rxc6 {[%emt 0:00:11]} Rxe3 {[%emt 0:00:03]} 25. Rd6 {[%emt 0:00:29]} Re2 {[%emt 0:00:46]} 26. Rf2 {[%emt 0:00:54]} Rxf2 {[%emt 0:03:22]} 27. Kxf2 {[%emt 0:00:03]} Rc8 {[%emt 0:00:03]} 28. Rxd5 {[%emt 0:01:08]} Rc2+ {[%emt 0:00:03]} 29. Kf3 {[%emt 0:00:09]} Rxb2 {[%emt 0:00:04]} 30. Ra5 {[%emt 0:00:19]} Rb7 {[%emt 0:00:08]} 31. h4 {[%emt 0:01:13]} g6 {[%emt 0:00:52]} 32. g4 {[%emt 0:00:29]} Re7 {[%emt 0:00:47]} 33. Ra6 {[%emt 0:00:32]} Kg7 {[%emt 0:00:38]} 34. Kf4 {[%emt 0:00:09]} Rc7 {[%emt 0:00:29]} 35. Kf3 {[%emt 0:00:23]} Rc3+ {[%emt 0:01:54]} 36. Kg2 {[%emt 0:00:06]} Rc4 {[%emt 0:00:40]} 37. Kg3 {[%emt 0:00:06]} Rc7 {[%emt 0:00:09]} 38. Kf3 {[%emt 0:00:06]} f6 {[%emt 0:00:43]} 39. Kg3 {[%emt 0:02:11]} h5 {[%emt 0:00:19]} 40. gxh5 {[%emt 0:00:00]} gxh5 {[%emt 0:00:00]} 41. Ra5 {[%emt 0:01:58]} Kg6 {[%emt 0:03:25]} 42. Kf3 {[%emt 0:04:49]} Rc3+ {[%emt 0:00:14]} 43. Kg2 {[%emt 0:00:06]} Rc4 {[%emt 0:00:10]} 44. Kg3 {[%emt 0:00:08]} Rc7 {[%emt 0:00:12]} 45. Kf3 {[%emt 0:00:10]} Kh6 {[%emt 0:00:08]} 46. Kg3 {[%emt 0:00:08]} Rc3+ {[%emt 0:00:08]} 47. Kg2 {[%emt 0:00:07]} Rc4 {[%emt 0:00:06]} 48. Kg3 {[%emt 0:00:09]} Rg4+ {[%emt 0:00:08]} 49. Kh3 {[%emt 0:00:06]} Rg7 {[%emt 0:00:04]} 50. Kh2 {[%emt 0:00:38]} 1/2-1/2

[Event "RUS-ch Boys U21 2021"]
[Site "Loo"]
[Date "2021.04.26"]
[Round "6.2"]
[White "Lobanov, Sergei"]
[Black "Murzin, Volodar"]
[Result "0-1"]
[WhiteElo "2520"]
[BlackElo "2478"]
[Annotator "ChessBase"]
[PlyCount "69"]
[EventDate "2021.04.21"]
[EventType "swiss"]
[EventCountry "RUS"]
[SourceTitle "playchess.com"]
[Source "ChessBase"]
[SourceQuality "1"]
[TimeControl "40/5400+30:1800+30"]

1. e4 {[%emt 0:00:00]} c6 {[%emt 0:00:00]} 2. d4 {[%emt 0:00:00]} d5 {[%emt 0:00:00]} 3. e5 {[%emt 0:00:00]} Bf5 {[%emt 0:00:00]} 4. Nf3 {[%emt 0:00:00]} e6 {[%emt 0:00:00]} 5. Be2 {[%emt 0:00:00]} Ne7 {[%emt 0:00:02]} 6. O-O {[%emt 0:00:48]} h6 {[%emt 0:00:16]} 7. Nbd2 {[%emt 0:03:26]} Nd7 {[%emt 0:00:21]} 8. Nb3 {[%emt 0:01:27]} Bh7 {[%emt 0:00:22]} 9. a4 {[%emt 0:00:14]} Ng6 {[%emt 0:00:39]} 10. g3 {[%emt 0:02:49]} Be7 {[%emt 0:01:11]} 11. h4 {[%emt 0:00:05]} O-O {[%emt 0:04:16]} 12. h5 {[%emt 0:01:16]} Nh8 {[%emt 0:00:05]} 13. a5 {[%emt 0:00:24]} f6 {[%emt 0:01:34]} 14. c4 {[%emt 0:14:34]} a6 {[%emt 0:13:11]} 15. cxd5 {[%emt 0:25:57]} cxd5 {[%emt 0:00:09]} 16. Be3 {[%emt 0:00:12]} Nf7 {[%emt 0:03:17]} 17. exf6 {[%emt 0:00:50]} Bxf6 {[%emt 0:10:12]} 18. Rc1 {[%emt 0:12:47]} Nd6 {[%emt 0:06:06]} 19. Bf4 {[%emt 0:02:24]} Nc4 {[%emt 0:09:30]} 20. Bxc4 {[%emt 0:02:46]} dxc4 {[%emt 0:00:14]} 21. Rxc4 {[%emt 0:00:03]} Be4 {[%emt 0:01:07]} 22. Rc3 {[%emt 0:08:53]} Bd5 {[%emt 0:06:09]} 23. Ne5 {[%emt 0:05:44]} Bxe5 {[%emt 0:03:17]} 24. Bxe5 {[%emt 0:00:06]} Nxe5 {[%emt 0:04:20]} 25. dxe5 {[%emt 0:00:02]} Qg5 {[%emt 0:00:44]} 26. f4 {[%emt 0:04:11]} Qe7 {[%emt 0:08:24]} 27. Nc5 {[%emt 0:01:37]} Rf5 {[%emt 0:03:48]} 28. g4 {[%emt 0:03:00]} Rf7 {[%emt 0:02:14]} 29. Kh2 {[%emt 0:00:23]} Rc8 {[%emt 0:02:55]} 30. b4 {[%emt 0:03:21]} b6 {[%emt 0:01:00]} 31. axb6 a5 32. Rd3 {[%emt 0:02:48]} axb4 {[%emt 0:02:20]} 33. b7 {[%emt 0:01:28]} Rb8 {[%emt 0:02:28]} 34. Rxd5 {[%emt 0:02:51]} exd5 {[%emt 0:00:02]} 35. Qxd5 {[%emt 0:00:35]} 0-1

[Event "RUS-ch Boys U21 2021"]
[Site "Loo"]
[Date "2021.04.26"]
[Round "6.3"]
[White "Golikov, Daniil"]
[Black "Stukan, Martin"]
[Result "1-0"]
[WhiteElo "2250"]
[BlackElo "2390"]
[Annotator "NA"]
[PlyCount "43"]
[EventDate "2021.04.21"]
[EventType "swiss"]
[EventCountry "RUS"]
[SourceTitle "playchess.com"]
[Source "ChessBase"]
[SourceQuality "1"]
[TimeControl "40/5400+30:1800+30"]

1. d4 {[%emt 0:01:45]} Nf6 {[%emt 0:00:00]} 2. c4 {[%emt 0:00:02]} g6 {[%emt 0:00:00]} 3. Nc3 {[%emt 0:00:09]} Bg7 {[%emt 0:00:00]} 4. e4 {[%emt 0:00:54]} d6 {[%emt 0:00:00]} 5. Be2 {[%emt 0:00:21]} O-O {[%emt 0:00:00]} 6. Bg5 {[%emt 0:00:04]} Na6 {[%emt 0:00:00]} 7. Qd2 {[%emt 0:00:06]} c6 {[%emt 0:00:00]} 8. Rd1 {[%emt 0:00:05]} Nc7 {[%emt 0:18:59]} 9. Bf3 {[%emt 0:00:07]} Rb8 {[%emt 0:14:11]} 10. Nge2 {[%emt 0:05:55]} Be6 {[%emt 0:14:50]} 11. d5 {[%emt 0:05:53]} Bd7 {[%emt 0:04:53]} 12. c5 {[%emt 0:25:50]} dxc5 {[%emt 0:31:00]} 13. d6 {[%emt 0:00:05]} exd6 {[%emt 0:06:23]} 14. Qxd6 {[%emt 0:00:07]} Nce8 {[%emt 0:04:48]} 15. Qd2 {[%emt 0:04:24]} h6 {[%emt 0:01:09]} 16. Bf4 {[%emt 0:02:00]} Rc8 {[%emt 0:00:59]} 17. e5 {[%emt 0:00:06]} Nd5 {[%emt 0:00:22]} 18. Bxd5 {[%emt 0:00:01]} cxd5 {[%emt 0:00:04]} 19. Qxd5 {[%emt 0:00:04]} Rc7 {[%emt 0:01:00]} 20. e6 {[%emt 0:00:38]} Nf6 {[%emt 0:00:04]} 21. Qe5 {[%emt 0:02:07]} Ne8 {[%emt 0:00:04]} 22. e7 {[%emt 0:00:04]} 1-0